Vista normal
Vista MARC
Entrada Nombre personal
Número de registros utilizados en: 4
001 - NÚMERO DE CONTROL
- campo de control: 26905
003 - IDENTIFICADOR DEL NÚMERO DE CONTROL
- campo de control: BNPHU
005 - FECHA Y HORA DE LA ÚLTIMA TRANSACCIÓN
- campo de control: 20240301140458.0
008 - DATOS DE LONGITUD FIJA
- campo de control de longitud fija: 200615|| aca||aabn | a|a d
040 ## - FUENTE DE LA CATALOGACIÓN
- Centro catalogador/agencia de origen: DO-SdBNP
- Lengua de catalogación: spa
- Centro/agencia transcriptor: BNPHU
- Normas de descripción: rda
100 1# - ENCABEZAMIENTO-NOMBRE DE PERSONA
- Nombre de persona: Soriano, Claudio,
- Fechas asociadas al nombre: 1938-
370 ## - LUGAR ASOCIADO
- Lugar de nacimiento: República Dominicana
- Lugar de residencia/sede: Roma (Itália)
- Período de inicio: 1957
- Fin de período: 1961
374 ## - OCUPACIÓN
- Ocupación: Escritor
375 ## - GÉNERO/SEXO
- Género/Sexo: Masculino
377 ## - LENGUA/LENGUAJE ASOCIADO
- Código del idioma: Español
670 ## - FUENTE DE DATOS ENCONTRADOS
- Cita de la fuente: Work cat.: (OSt)11017: Soriano, Claudio 1938-, Cambio, please :, 1981.
670 ## - FUENTE DE DATOS ENCONTRADOS
- Cita de la fuente: Ciclos de nuestro origen, 1980
670 ## - FUENTE DE DATOS ENCONTRADOS
- Cita de la fuente: Cambio, por favor, 1981
- Información encontrada: portada (Claudio Soriano) página 105 (nacido en 1931 en República Dominicana; vivió en Roma, Italia, 1957-1961)
